000
00237nam a2200097Ia 4500
001
1200190
005
20250827022608.0
008
250824s9999 xx 000 0 und d
245
0
_a
KUĞU
_c
GUDBERGUR BERGSSON
260
_b
MARTI YAYINCILIK
999
_c
1200190
_d
1200190